000
00327pab a2200133 454500
008
180718b xxu||||| |||| 00| 0 eng d
100
_a
Baker Laurie
245
_a
Can we make slums labitable
362
_a
28 Sep 1994, p.8
650
_a
Slums -- India
650
_a
Cities and Towns -- India
773
_a
Hindu
909
_a
27170
999
_c
27170
_d
27170